000 00359nam a2200145Ia 4500
008 230711s9999||||xx |||||||||||||| ||und||
041 _aENG
082 _a624
_bLI-D
100 _aLin.T.Y
245 0 _aDesign of prestressed concrete structure
250 _a2nd
260 _c1982
_aNew Delhi
_bJohn Wiley & Sons.Inc
650 _aCivil Engineering
942 _cBK
999 _c269
_d269